| 000 | 00425nam a2200181Ia 4500 | ||
|---|---|---|---|
| 001 | 2732 | ||
| 005 | 20260306144828.0 | ||
| 008 | 260306t2010||||xx |||||||||||||| ||spa|| | ||
| 041 | _aESP | ||
| 082 |
_a220 _bC265 2010 |
||
| 100 |
_aConferencia Episcopal Española _eAUT |
||
| 245 | 0 | _aSagrada biblia | |
| 260 | _c2010 | ||
| 300 |
_a2133 páginas : _c25 cm. |
||
| 650 | _aGEN | ||
| 654 | _aCHU | ||
| 942 |
_cLIB _dJUS _fJUS _2ddc _n |
||
| 999 |
_c2732 _d2732 |
||